| 000 | 00425nam a22001697a 4500 | ||
|---|---|---|---|
| 003 | SGT | ||
| 020 | _a9788131262894 | ||
| 082 |
_a612.3 _bW22N |
||
| 100 | _aNIX, STACI | ||
| 245 | _aWILLIAMS'S BASIC OF NUTRITION & DIET THERAPY | ||
| 250 | _a16TH | ||
| 260 |
_aINDIA _bELSEVIER PUB _c2022 |
||
| 300 | _a553 | ||
| 650 | _a NUTRITION & DIET | ||
| 653 | _aWILLIAMS'S BASIC OF NUTRITION & DIET THERAPY | ||
| 942 |
_2ddc _cBK _012 |
||
| 999 |
_c24933 _d24933 |
||